Landen die beginnen met een klinker - Statistieken

Algemene statistieken
  • Deze quiz is 307 keer genomen
  • De gemiddelde score is 26 van 34
Antwoordstatistieken
Letter Antwoord % Correct
A Andorra
89%
I Ierland
89%
U Uruguay
88%
I Indonesie
87%
E Estland
86%
A Albanie
85%
A Australie
83%
A Armenie
82%
I India
82%
A Argentinie
80%
I Italie
80%
E Eritrea
79%
A Azerbeidzjan
78%
I Iran
78%
O Oezbekistan
78%
I Irak
77%
O Oman
77%
O Oostenrijk
77%
A Algerije
76%
I IJsland
76%
A Afghanistan
74%
E Ecuador
73%
A Angola
72%
E Egypte
72%
E Ethiopie
72%
O Oekraine
72%
I Israel
70%
O Oost-Timor
68%
O Oeganda
67%
E El Salvador
62%
I Ivoorkust
60%
A Antigua en Barbuda
59%
E Equatoriaal Guinea
56%
E Eswatini
56%
Geen overeenkomende quizzen gevonden
Scoreverdeling
Procent van Mensen met Elke Score
Percentiel versus Aantal Correcte Antwoorden
Uw Scoregeschiedenis
U heeft deze quiz nog niet genomen